000 00606nam a2200229Ia 4500
003 OSt
005 20221007101821.0
006 a|||||r|||| 00| 0
007 ta
008 221006b |||||||| |||| 00| 0 eng d
024 _a8,161
037 _cTextual
040 _aLCO
_cLCO
_beng
041 _2eng
_aeng
082 _aZ2,2,4qM82, K5
245 0 _aINDIA, LAW (Ministry of ---), Transfer of Property Act, 1882 (Diglot)
260 _aDelhi
_bGovt. of India
_c1966
300 _a64+40
650 _aINDIA LAW
942 _hZ2,2,4qM82, K5
_cTEXL
999 _c1177724
_d1177724